| 000 | 00833nam a22002417a 4500 | ||
|---|---|---|---|
| 005 | 20100803152535.0 | ||
| 010 | _aENG-97884 | ||
| 020 |
_a9788120339231 _c175.00 |
||
| 035 | _aEN-81417 | ||
| 037 | _bDBAD/PUB | ||
| 082 | _a005.13 | ||
| 100 | _aGopalan,N P | ||
| 245 |
_aObject oriented programming using C++ / _cby N P Gopalan, B Sivaselvan [and] C Mala |
||
| 260 |
_aNew Delhi _bPHI Learning _c2010 |
||
| 270 |
_aM-97 Connaught Circus _bNew Delhi _e110001 |
||
| 300 |
_axiii,189p _c23cm(pbk) |
||
| 500 | _aincludes index | ||
| 650 |
_aComputer programm language _95351 |
||
| 700 | _aSivaselvan, B | ||
| 700 |
_aMala, C _95352 |
||
| 942 |
_2ddc _cEN _h005.13 _mGOP |
||
| 999 |
_c39014 _d39014 |
||